Pyramída encyklopedický časopis moderného človeka

Saved in:
Bibliographic Details
Format: Serial
Language:Slovak
Published: Bratislava Obzor 1981
Tags: Add Tag
No Tags, Be the first to tag this record!

MARC

LEADER 00000nas2a22000001 4500
001 s123676
005 20250730114223.0
041 0 |a slo 
044 |a SK 
245 1 0 |a Pyramída  |b encyklopedický časopis moderného človeka 
264 1 |a Bratislava  |b Obzor  |c 1981 
300 |a 1 zv. 
773 0 |w eu_un_cat*s120610